000 00726nmc a2200277 a 4500
003 AR-BaBNM
005 20251128211256.0
008 253020s2003 ||||||||||||||000 | spa||
020 _a950-518-828-5
040 _cAR-BaBNM
100 1 _aJackson, Philip W.
245 1 0 _aLa vida moral en la escuela
250 _a1ª ed.
260 _aBuenos Aires
_bAmorrortu Editores
_c2003
300 0 _a335 p.
490 0 _aAgenda educativa
504 _aContiene bibliografía recomendada p. 330-335
650 4 _aEDUCACION MORAL
650 4 _aVALORES MORALES
650 4 _aROL DEL DOCENTE
700 1 _aBoostrom, Robert E.
700 1 _aHansen, David T.
800 1 _aLitwin, Edith
942 _cBK
998 _craquel
999 _c18959
_d18959